[PAROLES] Intro - Josman - Statistiques

Statistiques générales
  • Ce quiz a été pris 2 192 fois
  • Le résultat moyen est 310 sur 436
Statistiques - réponses
Paroles % Correct
m'
99%
a
98%
à
98%
À
98%
c'
98%
d'
97%
j'
97%
J'
97%
l'
97%
L'
97%
n'
97%
s'
97%
ma
95%
pas,
95%
pas
95%
t'
95%
ai
94%
ai,
94%
Mon
94%
mon
94%
qu'
94%
on
93%
se
93%
ça
92%
la
92%
La
92%
ne
92%
Ne
92%
de
91%
le
91%
Le
91%
dans
90%
Dans
90%
y
90%
me
89%
au
88%
change
88%
haine
87%
inquiète,
87%
les
87%
87%
qui
87%
maman,
86%
maman.
86%
amour
85%
Je
85%
"je
85%
je
85%
mais
85%
Mais
85%
trop
85%
coeur
84%
mal
84%
que
84%
Et
83%
et
83%
peu
83%
suis
83%
va ?
83%
empiète.
82%
peine,
81%
sais
81%
assiette.
80%
fête,
80%
fête.
80%
saigne,
80%
Seigneur,
80%
tête.
79%
humeur,
78%
humeur
78%
Oh,
78%
oh.
78%
ressenti
76%
un
76%
Car
74%
du
74%
Du
74%
comprennent,
73%
seul
73%
oubliettes.
72%
sens
72%
aux
71%
aime",
69%
mes
69%
en
68%
moments,
68%
pires
68%
ton.
68%
faire
67%
faire ?
67%
fond,
67%
fond
67%
remords
67%
dire
66%
pression
66%
émotions.
65%
haussé
65%
peloton,
65%
peux
65%
tout
65%
Tout
65%
exprimer
64%
maintenant.
64%
toutes
62%
non.
59%
solutions.
59%
notions,
58%
touché
58%
déjà
57%
fumée,
57%
yet.
57%
dévotion.
56%
Moi,
56%
moi.
56%
Don't
55%
vois
55%
classe,
54%
fuir
54%
paye
54%
Souvenirs
54%
tu
54%
know
52%
Comme
51%
comme
51%
frais
51%
quand
50%
firmament.
49%
étais
48%
prie
48%
sont
48%
vie
47%
autre
46%
chose
46%
même
46%
est
45%
monde
45%
arrêté
44%
étoiles
44%
il
44%
leçons.
44%
penser
44%
plus
44%
tour
44%
chaque
43%
Chaque
43%
jour,
43%
meurt
43%
ont
43%
Atlas.
42%
danser ?
42%
"si
42%
mort
40%
retiens
40%
océans.
38%
place,
38%
apprends,
36%
fois.
36%
glace.
36%
glace,
36%
tellement
36%
voulais
36%
rien
35%
endroit.
34%
géant,
34%
pour
34%
avancer ?
33%
tenaces,
33%
toujours
33%
trompé
33%
chasse
32%
ronçes
32%
corrige,
31%
impression
31%
arrive
30%
censé ?
30%
enseigne,
30%
routes
30%
seulement".
30%
valeurs
30%
pars
29%
froid
28%
néant.
28%
pioncer ?
27%
sentiments
27%
Beaucoup
26%
efface
26%
fardeau
26%
isolement.
26%
traces.
26%
malveillant.
25%
pavées
25%
système
24%
assez
23%
attrayant,
23%
demande
23%
face
23%
paradis
23%
réduits
23%
celle
22%
croire
22%
tous
22%
effrayant.
21%
futur
21%
M.A.N
21%
vit
21%
mieux
20%
bonheur
19%
déplace,
19%
dos,
19%
J.O.S
19%
peines
19%
cher,
16%
payants,
16%
corps
13%
bien-être
12%
Yeah
12%
Ouais
9%
Aucun quiz correspondant
Distribution des résultats
% des personnes avec chaque résultat
Percentile par nombre de réponses
Votre historique - résultats
Vous n’avez pas pris ce quiz